| 000 | 00391pab a2200157 454500 | ||
|---|---|---|---|
| 008 | 180718b2001 xxu||||| |||| 00| 0 eng d | ||
| 100 | _aSundaram, I. Satya | ||
| 245 | _aEducation and empowerment of village women | ||
| 260 | _c2001 | ||
| 300 | _ap.3-5 | ||
| 362 | _aMay | ||
| 650 | _aWomens education - India | ||
| 650 | _aWomens education | ||
| 773 | _aSocial Welfare | ||
| 909 | _a48346 | ||
| 999 |
_c48346 _d48346 |
||